000 00645cam a2200217 4500500
005 20260329002722.0
041 _afre
042 _adc
100 1 0 _aNathan, Tobie
_eauthor
245 0 0 _aPhilosophie de l’écran: Dans le monde de la caverne?
260 _c2013.
500 _a24
690 _aCrise
690 _aÉconomie
690 _aÉcrans
690 _aPhilippe Nassif
690 _aRéseaux
690 _aValérie Charolles
786 0 _nPhilosophie magazine | 69 | 5 | 2013-05-01 | p. 63-63 | 1951-1787
856 4 1 _uhttps://shs.cairn.info/magazine-philosophie-magazine-2013-5-page-63?lang=fr&redirect-ssocas=7080
999 _c1817728
_d1817728